000 00751nam a22002177a 4500
999 _c12839
_d12839
003 MIRAKIL
005 20190301140822.0
008 190301b tu ||||| |||| 00| 0 tur d
020 _a978605323013
040 _aTR-AnCHP
_cTR-AnCHP
041 _atur
082 _a816.42
_bO47 2014
245 1 0 _aOktay Akbal'a mektuplar:
_b'' şiir yazar gibi yapayalnızım''/
_chazırlayan Hikmet Altınkaynak.
260 _aİstanbul:
_bTürkiye İş Bankası Kültür yayınları,
_c2014.
300 _avıı, 323 s.:
_bfotğ.,
_c20 sm.
490 0 _aTürkiye İş Bankası Kültür yayınları;
_vgenel yayın: 3167
504 _aDizin vardır.
650 0 _919
_aTürk edebiyatı
_xMektuplar
700 1 _93273
_aAltınkaynak, Hikmet
_d1945-
942 _2ddc
_cBKS